000 01814nam0a2200397 4500
001 RU\NLR\BIBL_A\012536908
005 20220901161940.0
010 _a978-5-7645-0687-6
_91100
021 _aRU
_bКН-П-21-001711
_9КН-П-21-0125
035 _a(NLR Aleph) 012536908
035 _a(RuMoRGB)010554792
090 _a12388109
_c12388109
100 _a20210604d2020 u y0rusy50 ca
101 1 _arus
_atat
_cund
102 _aRU
105 _aac||z|||010yy
181 0 _ai
_baxxe
182 0 _an
200 1 _aЗдравоохранение Татарстана: 100 лет пути
_dТатарстанда сәламәтлек саклау: 100 еллык тарихы
_f[составители-координаторы: И. Р. Фатихов и др.
_gпереводчик Венера Валеева]
203 _aТекст
_bвизуальный
_cнепосредственный
210 _aКазань
_cМедицина
_d2020
215 _a438, [1] с.
_cил., портр., факс., цв. ил.
_d31
300 _aТекст рус., татар.
320 _aБиблиогр.: с. 433-434 (31 назв.)
510 1 _aТатарстанда сәламәтлек саклау: 100 еллык тарихы
_zrus
606 1 _aЗдравоохранение
_xИстория
_yТатарстан, Республика
_92210590
_3RU\NLR\AUTH\661327941
686 1 _aР11(2Р-6Т)
686 1 _aР.г(2Р-6Т)
702 1 _aФатихов
_bИ. Р.
_gИльдар Р.
_4220
711 0 1 _aРеспублика Татарстан
_bМинистерство здравоохранения
_9330748
_3RU\NLR\AUTH\889917288
942 _cBOOK
980 _aNBR
980 _aNB